Dynamics of urban development : proceedings of an international conference held on the occasion of the 50th anniversary of the Netherlands Economic Institute in Rotterdam, September 4, 1979

Αποθηκεύτηκε σε:
Λεπτομέρειες βιβλιογραφικής εγγραφής
Συλλογικό Έργο: Nederlands Economisch Instituut, World University, European Coordination Centre for Research and Documentation in Social Sciences
Άλλοι συγγραφείς: Klaassen, Leo Hendrick (Επιμελητής έκδοσης), Molle, Willem (Επιμελητής έκδοσης), Paelinck, Jean H. P. (Επιμελητής έκδοσης)
Μορφή: Βιβλίο
Γλώσσα:English
Δημοσίευση: Aldershot : Gower, c1981
Σειρά:Studies in spatial analysis
Θέματα:
Ετικέτες: Προσθήκη ετικέτας
Δεν υπάρχουν, Καταχωρήστε ετικέτα πρώτοι!

MARC

LEADER 00000nam a2200000 i 4500
001 1/78120
008 941111s1981 eng d
020 |a 0-566-00378-3 
035 |l 10004497 
040 |a GR-MY-UA  |b gre  |e aacr 
041 0 |a eng 
245 1 0 |a Dynamics of urban development :  |b proceedings of an international conference held on the occasion of the 50th anniversary of the Netherlands Economic Institute in Rotterdam, September 4, 1979 /  |c Edited by L. H. Klaassen, W. T. M. Molle, J. H. P. Paelinck 
260 |a Aldershot :   |b Gower,   |c c1981 
300 |a xi, 267 p.;  |c 23 cm 
490 1 |a Studies in spatial analysis 
500 |a "Sponsored by the World University of the World Academy of Art and Science and the European Coordination Centre for Research and Documentation in Social Sciences in Vienna 
504 |a Includes bibliographical references 
650 0 0 |a Urbanization  |x Congresses. 
700 1 |a Klaassen, Leo Hendrick.  |4 edt 
700 1 |a Molle, Willem.  |4 edt 
700 1 |a Paelinck, Jean H. P.  |4 edt 
710 2 |a Nederlands Economisch Instituut. 
710 2 |a World University. 
710 2 |a European Coordination Centre for Research and Documentation in Social Sciences. 
830 0 |a Studies in spatial analysis 
852 |a INST  |b LESVOS  |e 19941111  |h 307.76 DYN  |p 005100003416  |q 005100003416  |t BK  |y 0 
909 |a Λ  |b 005761